KOHA-Header-6

Schum's outline Electric Circuits (Record no. 502)

000 -LEADER
fixed length control field 00309nam a2200121Ia 4500
008 - FIXED-LENGTH DATA ELEMENTS--GENERAL INFORMATION
fixed length control field 190722s9999 xx 000 0 und d
020 ## - INTERNATIONAL STANDARD BOOK NUMBER
International Standard Book Number 13.978-0-07-139307-2
100 ## - MAIN ENTRY--PERSONAL NAME
Personal name Mahmood Nahvi
245 #0 - TITLE STATEMENT
Title Schum's outline Electric Circuits
260 ## - PUBLICATION, DISTRIBUTION, ETC. (IMPRINT)
Place of publication, distribution, etc New York
Name of publisher, distributor, etc MC Graw Hill
Date of publication, distribution, etc 2003
300 ## - PHYSICAL DESCRIPTION
Extent 469
942 ## - ADDED ENTRY ELEMENTS (KOHA)
Koha item type Books
Holdings
Withdrawn status Lost status Source of classification or shelving scheme Damaged status Not for loan Collection code Permanent Location Current Location Shelving location Date acquired Full call number Barcode Date last seen Price effective from Koha item type
          Electrical Engineering MAJU MAJU Shelf No.A34 2019-07-22 621.3815 7128 2019-07-22 2019-07-22 Electrical Engineering

Powered by Koha